banner-ar

الدعوة الى الاسلام بحث فى تاريخ نشر العقيدة الاسلامية / (Record no. 58959)

MARC details
000 -الفاتح
حقل البيانات ثابتة الطول 00800nam a2200229Ia 4500
008 - عناصر البيانات ثابتة الطول - معلومات عامة
حقل البيانات ثابتة الطول 140319s9999 xx 000 0 ara d
040 ## - مصدر الفهرسة
وكالة الفهرسة الأصلية GCL /
وكالة النسخ GCL
082 04 - رقم تصنيف ديوى العشرى
رقم التصنيف 210
رقم المادة ا د
100 1# - المدخل الرئيسى - إسم شخصى
الإسم الشخصى حسن ابراهيم حسن
245 10 - بيان العنوان
العنوان الدعوة الى الاسلام بحث فى تاريخ نشر العقيدة الاسلامية /
بيان المسئوليه,etc حسن ابراهيم حسن
700 1# - المدخل الاضافى - اسم شخصى
الإسم الشخصى اسماعيل النحراوى
700 1# - المدخل الاضافى - اسم شخصى
الإسم الشخصى ارنولد ، سير توماس . و
250 ## - بيان الطبعة
بيان الطبعة الثانية
260 ## - PUBLICATION, DISTRIBUTION, ETC. (IMPRINT)
تاريخ النشر أو التوزيع 1957
300 ## - الوصف المادى
التعداد 515 ص ؛
أبعاد الوعاء 24 سم
650 04 - المدخل الاضافى بالموضوع-مصطلح موضوعى
مصطلح موضوعي تاريخ
650 04 - المدخل الاضافى بالموضوع-مصطلح موضوعى
مصطلح موضوعي الاسلام
650 04 - المدخل الاضافى بالموضوع-مصطلح موضوعى
مصطلح موضوعي انتشار الاسلام
650 04 - المدخل الاضافى بالموضوع-مصطلح موضوعى
مصطلح موضوعي الدعوة الاسلامية
942 ## - عناصر المدخل الإضافي( كوها)
مصدر التصنيف او مخطط الترفيف Dewey Decimal Classification
Koha [default] item type كتاب
260 ## - PUBLICATION, DISTRIBUTION, ETC. (IMPRINT)
-- القاهرة :
-- مكتبة النهضة المصرية ،
Holdings
حالة التراجع حالة الفقد حالة تلف ليس للاعارة المكان المؤقت الموقع الحالى تاريخ الاكتساب اجمالي اﻻعارات رقم الطلب الباركود تاريخ اخر مشاهدة تاريخ تفعيل السعر نوع وعاء كوها
        مكتبة القاهرة الكبرى مكتبة القاهرة الكبرى 03/26/2014   210\ا د 152972 03/26/2014 03/26/2014 كتاب
        مكتبة القاهرة الكبرى مكتبة القاهرة الكبرى 03/26/2014   210\ا د 152973 03/26/2014 03/26/2014 كتاب

Powered By

EGPV